| 000 | 00875nam a2200253Ia 4500 | ||
|---|---|---|---|
| 003 | OSt | ||
| 005 | 20221005113011.0 | ||
| 006 | a|||||r|||| 00| 0 | ||
| 007 | ta | ||
| 008 | 221004b |||||||| |||| 00| 0 pan d | ||
| 020 |
_a9788123770288 (pbk) _c130 |
||
| 024 | _a12390 | ||
| 037 |
_b832, 15/03/2014, H.K. Prakashan _cTextual |
||
| 040 |
_aCRL _cCRL _bpan |
||
| 041 |
_2pan _apan |
||
| 082 | _aO35,3N50,SW, 153Q4 | ||
| 100 | _aਓਲਗਾ | ||
| 245 | 0 | _aਸਵੈ ਇੱਛਾ | |
| 260 |
_aਦਿੱਲੀ _bਨੈFਨਲ ਬੁਕ ਟਰੱਸਟ ਭਾਰਤ _c2014 |
||
| 300 |
_a146ਪੰ _ccm. |
||
| 700 | _a ਬੱਦਨ, ਬਲਦੇਵ ਸਿੰਘ, ੳਗ. | ||
| 942 |
_hO35,3N50,SW, 153Q4 _cTEXL _2cc |
||
| 999 |
_c1026702 _d1026702 |
||